Desarrollo económico local : (Registro nro. 4096)

Detalles MARC
000 -LEADER
fixed length control field 01360nam a2200265Ia 4500
003 - CONTROL NUMBER IDENTIFIER
control field OSt
005 - DATE AND TIME OF LATEST TRANSACTION
control field 20200724143841.0
008 - FIXED-LENGTH DATA ELEMENTS--GENERAL INFORMATION
fixed length control field 191128s2008 ck adb fr 000 0 spa d
020 ## - INTERNATIONAL STANDARD BOOK NUMBER
International Standard Book Number 9789588049342
040 ## - CATALOGING SOURCE
Original cataloging agency CO-JMCR
Transcribing agency CO-JMCR
041 0# - LANGUAGE CODE
Language code of text/sound track or separate title spa
082 04 - DEWEY DECIMAL CLASSIFICATION NUMBER
Classification number 338.9861 /
Item number S572d
Edition number 23
100 1# - MAIN ENTRY--PERSONAL NAME
Personal name Sierra de Arango, Luz Stella,
Relator term compiladora
9 (RLIN) 7790
245 10 - TITLE STATEMENT
Title Desarrollo económico local :
Remainder of title una apuesta por el futuro /
Statement of responsibility, etc. Luz Stella Sierra de Arango, compiladora
250 ## - EDITION STATEMENT
Edition statement Primera edición
260 ## - PUBLICATION, DISTRIBUTION, ETC.
Place of publication, distribution, etc. Bogotá :
Name of publisher, distributor, etc. Fundación Social,
Date of publication, distribution, etc. 2008
300 ## - PHYSICAL DESCRIPTION
Extent 567 páginas :
Other physical details ilustraciones, gráficos y mapas a color ;
Dimensions 24 cm.
504 ## - BIBLIOGRAPHY, ETC. NOTE
Bibliography, etc. note Bibliografía: páginas 558-567
505 0# - FORMATTED CONTENTS NOTE
Formatted contents note Discursos de apertura al seminario internacional sobre desarrollo económico local -- El desarrollo en un mundo globalizado -- Experiencia de desarrollo económico local -- Estrategias para el desarrollo económico local, la generación de riqueza
520 3# - SUMMARY, ETC.
Summary, etc. Durante los últimos quince años, dentro de los estudiosos y ejecutores del desarrollo, lo local ha surgido como corriente de especial importancia. Es una paradoja: el mundo es cada vez mas globalizado.
650 14 - SUBJECT ADDED ENTRY--TOPICAL TERM
Topical term or geographic name entry element Desarrollo económico local
General subdivision congresos
9 (RLIN) 7791
650 14 - SUBJECT ADDED ENTRY--TOPICAL TERM
Topical term or geographic name entry element Desarrollo de la comunidad
General subdivision congresos
9 (RLIN) 7792
650 14 - SUBJECT ADDED ENTRY--TOPICAL TERM
Topical term or geographic name entry element Desarrollo regional
General subdivision congresos
9 (RLIN) 7793
942 ## - ADDED ENTRY ELEMENTS (KOHA)
Source of classification or shelving scheme Dewey Decimal Classification
Koha item type Books
Existencias
Withdrawn status Lost status Source of classification or shelving scheme Damaged status Not for loan Collection code Home library Current library Date acquired Source of acquisition Total Checkouts Full call number Barcode Date last seen Date last checked out Copy number Koha item type
    Dewey Decimal Classification     Non-fiction Biblioteca Pública José María del Castillo y Rada Biblioteca Pública José María del Castillo y Rada 08/24/2018 Donación 1 338.9861 / S572d 201808898 05/16/2024 07/04/2023 Ej.1 Books